Historical Figures by Image #1 - Statistics

General Stats
  • This quiz has been taken 277 times
  • The average score is 7 of 10
Answer Stats
Answer % Correct
Napoléon Bonaparte
94%
George Washington
91%
Benjamin Franklin
84%
William Shakespeare
84%
Louis XIV
81%
Julius Caesar
75%
Leonardo da Vinci
74%
Isaac Newton
72%
Aristotle
49%
René Descartes
40%
No matching quizzes found
Score Distribution
Percent of People with Each Score
Percentile by Number Answered
Your Score History
You have not taken this quiz